Obras escogidas / (Record no. 178077)
[ view plain ]
| 000 -LEADER | |
|---|---|
| campo de control de longitud fija | 01159nam a2200277 i 4500 |
| 001 - NÚMERO DE CONTROL | |
| campo de control | 178077 |
| 003 - IDENTIFICADOR DE NÚMERO DE CONTROL | |
| campo de control | ES-MaACL |
| 005 - FECHA Y HORA DE LA ÚLTIMA TRANSACCIÓN | |
| campo de control | 20240529062952.0 |
| 008 - DATOS DE LONGITUD FIJA--INFORMACIÓN GENERAL | |
| campo de control de longitud fija | 110517m19551973sp c |||| |bspa d |
| 020 ## - NÚMERO INTERNACIONAL ESTÁNDAR DEL LIBRO | |
| Número Internacional Estándar del Libro | 84-03-00040-5 |
| 080 ## - NÚMERO DE LA CLASIFICACIÓN DECIMAL UNIVERSAL | |
| Número de la Clasificación Decimal Universal | 821.134.2-82"15" |
| 100 1# - ENTRADA PRINCIPAL--NOMBRE DE PERSONA | |
| Nombre de persona | Vega, Lope de, |
| Fechas asociadas al nombre | 1562-1635 |
| 9 (RLIN) | 113563 |
| 245 10 - MENCIÓN DEL TÍTULO | |
| Título | Obras escogidas / |
| Mención de responsabilidad, etc. | Lope Félix de Vega Carpio ; estudio preliminar, biografía, bibliografía, notas y apéndices de Federico Carlos Sainz de Robles. |
| 246 3# - FORMA VARIANTE DEL TITULO | |
| Título propio/Titulo breve | Poesías líricas |
| Resto del título | ; Poemas ; Prosa ; Novelas |
| 246 38 - FORMA VARIANTE DEL TITULO | |
| Título propio/Titulo breve | Teatro |
| 260 ## - PUBLICACIÓN, DISTRIBUCIÓN, ETC. | |
| Lugar de publicación, distribución, etc. | Madrid : |
| Nombre del editor, distribuidor, etc. | Aguilar, |
| Fecha de publicación, distribución, etc. | 1955-1973. |
| 300 ## - DESCRIPCIÓN FÍSICA | |
| Extensión | 2 v. (1 retr., 1530 p.; 1 retr., 1851 p.) ; |
| Dimensiones | 18 cm. |
| 490 1# - MENCIÓN DE SERIE | |
| Mención de serie | Colección obras eternas [v. 2] |
| 505 8# - NOTA DE CONTENIDO CON FORMATO | |
| Nota de contenido con formato | Contiene: v. 2 ; |
| Título | Poesías líricas; Poemas; Prosa; Novelas - v. 3 ; |
| -- | Teatro |
| 595 ## - | |
| -- | v. 2: 4ª ed., 1ª reimp, 1973 - v. 3: publ. en 1955. |
| 597 ## - NOTA DE DESCRIPCIÓN FÍSICA | |
| NOTA DE DESCRIPCIÓN FÍSICA | Texto a 2 columnas. |
| 700 1# - ENTRADA AGREGADA--NOMBRE PERSONAL | |
| Nombre de persona | Sainz de Robles, Federico Carlos, |
| Fechas asociadas al nombre | 1898-1982 |
| 9 (RLIN) | 101593 |
| 830 0# - PUNTO DE ACCESO ADICIONAL DE SERIE-TÍTULO UNIFORME | |
| Título uniforme | Colección obras eternas [v. 2] |
| 9 (RLIN) | 224249 |
| 852 ## - LOCALIZACIÓN | |
| Ubicación | ES-MaACL |
| Número de control de estantería | L-30763-64 |
| Nota libre | - enc. guaflex |
| -- | . - Donat. Miguel A. Velasco (v. 2) |
| Estatus retirado | Estado de pérdida | Estado de daño | No para préstamo | Biblioteca de origen | Biblioteca actual | Ubicación en estantería | Fecha de adquisición | Fuente de adquisición | Total de préstamos | Signatura topográfica completa | Código de barras | Visto por última vez | Precio de reemplazo | Tipo de ítem Koha |
|---|---|---|---|---|---|---|---|---|---|---|---|---|---|---|
| Biblioteca del Ateneo de Madrid | Biblioteca del Ateneo de Madrid | Depósito 2 | 17/05/2011 | L-30763-64 | 1187069 | 23/02/2023 | 23/02/2023 | Libro impreso |
